| 000 | 00531nam a2200181 a 4500 | ||
|---|---|---|---|
| 001 | 1591 | ||
| 003 | CDMR | ||
| 005 | 20130403102421.0 | ||
| 008 | 130130s ||||||||||||||||||||||||||||d | ||
| 040 |
_aCDMR _bcat _cCDMR |
||
| 111 | 2 |
_aJornada de la Prensa Agraria _cLleida _d1989 _n2ª _91196 |
|
| 245 | 1 | 0 |
_aII Jornadas de la Prensa Agraria _b: Fira de Sant Miquel'89 : [programa i ponències] |
| 260 |
_bAGROPRES _a[Lleida] _c[1989?] |
||
| 300 | _c30 cm | ||
| 500 | _aEx. Fotocopiat | ||
| 500 | _aPrograma en Tríptic | ||
| 942 |
_cMON _2ddc |
||
| 999 |
_c1591 _d1591 |
||